000 00549nam a2200193Ia 4500
003 GCL
008 140319s9999 xx 000 0 ara d
040 _aGCL /
_cGCL
082 0 4 _a194
_bت ن
100 1 _aتورين، الان
245 1 0 _aنقد الحداثة /
_cتورين، الان
700 1 _aانور مغبث
300 _a493 ص
490 _aالمشروع القومى للترجمة
_v0
650 0 4 _aالفلسفة
650 0 4 _aالنقدية ( فلسفة )
650 0 4 _aالفلسفة الفرنسية
942 _2ddc
_cBK
999 _c52174
_d52174